Statistics for Top Irish Goalscorers 2021-22

Click here to take the quiz!

General Stats

  • This quiz has been taken 4 times
  • The average score is 3 of 13

Answer Stats

NPlayerClubTotal% Correct
4Michael ObafemiSwansea City14
67%
1Will KeaneWigan Athletic27
67%
2Georgie KellyBohemians21
33%
9James McCleanWigan Athletic10
33%
6Patrick HobanDundalk12
33%
9Ronan CurtisPortsmouth10
33%
9Scott HoganBirmingham City10
33%
9Troy ParrottMilton Keynes Dons (Loan)10
33%
3Daniel MandroiuShamrock Rovers15
0%
7Graham BurkeShamrock Rovers11
0%
9John MartinWaterford10
0%
7Johnny KennySligo Rovers11
0%
5Mark DoyleDrogheda United13
0%

Score Distribution

Percentile by Number Answered

Percent of People with Each Score

Your Score History

You have not taken this quiz